| 000 | 00406pab a2200157 454500 | ||
|---|---|---|---|
| 008 | 180718b2010 xxu||||| |||| 00| 0 eng d | ||
| 100 | _aHaragopal, G. | ||
| 245 | _aThe Telangana people's movement: The unfolding political culture | ||
| 260 | _c2010 | ||
| 300 | _ap.51-60. | ||
| 362 | _a16 Oct | ||
| 650 | _aSocial movements | ||
| 773 | _aEconomic and Political Weekly | ||
| 908 | _aN | ||
| 909 | _a89406 | ||
| 999 |
_c89406 _d89406 |
||